<?xml version="1.0" encoding="UTF-8"?>
<record
    xmlns:xsi="http://www.w3.org/2001/XMLSchema-instance"
    xsi:schemaLocation="http://www.loc.gov/MARC21/slim http://www.loc.gov/standards/marcxml/schema/MARC21slim.xsd"
    xmlns="http://www.loc.gov/MARC21/slim">

  <leader>01129nam a22002417a 4500</leader>
  <controlfield tag="005">20100807140620.0</controlfield>
  <datafield tag="010" ind1=" " ind2=" ">
    <subfield code="a">HIN-90055</subfield>
  </datafield>
  <datafield tag="020" ind1=" " ind2=" ">
    <subfield code="c">150.00</subfield>
    <subfield code="a">9788128825347</subfield>
  </datafield>
  <datafield tag="035" ind1=" " ind2=" ">
    <subfield code="a">HN-62401</subfield>
  </datafield>
  <datafield tag="037" ind1=" " ind2=" ">
    <subfield code="b">DBAD / PUB</subfield>
  </datafield>
  <datafield tag="082" ind1=" " ind2=" ">
    <subfield code="a">230.51</subfield>
  </datafield>
  <datafield tag="100" ind1=" " ind2=" ">
    <subfield code="a">&#x930;&#x93E;&#x91C;&#x947;&#x928;&#x94D;&#x926;&#x94D;&#x930;</subfield>
    <subfield code="9">24803</subfield>
  </datafield>
  <datafield tag="245" ind1=" " ind2=" ">
    <subfield code="a">&#x92C;&#x93F;&#x915;&#x94B; &#x905;&#x928;&#x92E;&#x94B;&#x932; &#x939;&#x94B;&#x915;&#x930; /</subfield>
    <subfield code="c">&#x930;&#x93E;&#x91C;&#x947;&#x928;&#x94D;&#x926;&#x94D;&#x930;</subfield>
  </datafield>
  <datafield tag="246" ind1=" " ind2=" ">
    <subfield code="a">Biko Anmol Hokar</subfield>
    <subfield code="b">by Rajendra</subfield>
  </datafield>
  <datafield tag="260" ind1=" " ind2=" ">
    <subfield code="a">&#x928;&#x908; &#x926;&#x93F;&#x932;&#x94D;&#x932;&#x940;</subfield>
    <subfield code="b">&#x921;&#x93E;&#x92F;&#x92E;&#x902;&#x921; &#x92A;&#x949;&#x915;&#x947;&#x91F; &#x92C;&#x941;&#x915;&#x94D;&#x938;</subfield>
    <subfield code="c">2010</subfield>
  </datafield>
  <datafield tag="270" ind1=" " ind2=" ">
    <subfield code="a">&#x90F;&#x915;&#x94D;&#x938;-30, &#x913;&#x916;&#x932;&#x93E; &#x907;&#x902;&#x921;&#x938;&#x94D;&#x91F;&#x94D;&#x930;&#x93F;&#x92F;&#x932; &#x90F;&#x930;&#x93F;&#x92F;&#x93E;, &#x92B;&#x947;&#x91C;-II</subfield>
    <subfield code="b">&#x928;&#x908; &#x926;&#x93F;&#x932;&#x94D;&#x932;&#x940;</subfield>
    <subfield code="e">110020</subfield>
    <subfield code="k">011-41611861, 40712100</subfield>
    <subfield code="l">011-41611866</subfield>
    <subfield code="m">sales@dpb.in</subfield>
  </datafield>
  <datafield tag="300" ind1=" " ind2=" ">
    <subfield code="a">245&#x92A;&#x943;</subfield>
    <subfield code="c">22&#x938;&#x947;&#x92E;&#x940; (&#x905;&#x91C;&#x93F;&#x932;&#x94D;&#x926;)</subfield>
  </datafield>
  <datafield tag="700" ind1=" " ind2=" ">
    <subfield code="9">7228</subfield>
  </datafield>
  <datafield tag="700" ind1=" " ind2=" ">
    <subfield code="9">7267</subfield>
  </datafield>
  <datafield tag="700" ind1=" " ind2=" ">
    <subfield code="9">7698</subfield>
  </datafield>
  <datafield tag="942" ind1=" " ind2=" ">
    <subfield code="a">dpl</subfield>
    <subfield code="c">HN</subfield>
    <subfield code="k"> </subfield>
    <subfield code="2">ddc</subfield>
    <subfield code="m">&#x930;&#x93E;&#x91C;&#x947;&#x928;&#x94D;&#x926;&#x94D;&#x930;</subfield>
    <subfield code="h">230.51</subfield>
  </datafield>
  <datafield tag="999" ind1=" " ind2=" ">
    <subfield code="c">40063</subfield>
    <subfield code="d">40063</subfield>
  </datafield>
  <datafield tag="952" ind1=" " ind2=" ">
    <subfield code="0">0</subfield>
    <subfield code="1">0</subfield>
    <subfield code="4">0</subfield>
    <subfield code="7">1</subfield>
    <subfield code="8">NFIC</subfield>
    <subfield code="a">DBAD</subfield>
    <subfield code="b">DBAD</subfield>
    <subfield code="d">2010-08-07</subfield>
    <subfield code="e">DBAD / PUB</subfield>
    <subfield code="g">150.00</subfield>
    <subfield code="l">0</subfield>
    <subfield code="o">230.51 &#x930;&#x93E;&#x91C;&#x947;&#x928;&#x94D;&#x926;&#x94D;&#x930;</subfield>
    <subfield code="p">HN-62401</subfield>
    <subfield code="r">2010-08-07 00:00:00</subfield>
    <subfield code="t">1</subfield>
    <subfield code="v">150.00</subfield>
    <subfield code="y">HN</subfield>
  </datafield>
</record>
